List of badges - Statistics

General Stats
  • This quiz has been taken 3 times
  • The average score is 15 of 31
Answer Stats
Nom du badge % Correct
British
100%
France
100%
Germany
100%
Spain
100%
USA
100%
196
67%
Country trivia
67%
Flag
67%
Island
67%
Italy
67%
Math Wizard
67%
Video games
67%
Border
33%
China
33%
Cities
33%
History
33%
Language
33%
Movie Maven
33%
Music
33%
One minute
33%
Picture
33%
Population
33%
Puzzle
33%
Random geography
33%
Satellite
33%
Scientist
33%
U.S. states trivia
33%
Welcome
33%
World capitals
33%
Generalissimo
0%
Worlds
0%
No matching quizzes found
Score Distribution
Percent of People with Each Score
Percentile by Number Answered
Your Score History
You have not taken this quiz